000 00681nam a2200229 a 4500
999 _c866
_d866
001 866
003 BD-JhCC
005 20171011192327.0
008 171010s2006 bg p|||| |||| 00| 0 ben d
020 _a9844590779
035 _a(BD-JhCC) 866
040 _aBD-JhCC
_dBD-JhCC
041 _aben
082 _a891.4435
_bMAM 2006
100 _aমামুন, মুনতাসীর
245 _aকিশোর সমগ্র ৩ /
_cমুনতাসীর মামুন
260 _aঢাকা ;
_bপুস্তক প্রকাশক
_c২০০৬
300 _a229 p. :
_bill,
_c21 cm
650 _aShort story, Bengali
942 _2ddc
_cBK